Fluctuaciones periféricas (Registro nro. 15065)

Detalles MARC
000 -LEADER
fixed length control field 00307 a2200109 4500
001 - CONTROL NUMBER
control field ART_7181
005 - DATE AND TIME OF LATEST TRANSACTION
control field 20260410161700.0
008 - FIXED-LENGTH DATA ELEMENTS--GENERAL INFORMATION
fixed length control field 260409a
100 1# - MAIN ENTRY--PERSONAL NAME
Personal name Heymann, Daniel
245 10 - TITLE STATEMENT
Title Fluctuaciones periféricas
773 0# - HOST ITEM ENTRY
Title Ensayos Económicos
Related parts - Nº 57/58 (ene./jun. 2010)
Record control number REV620

No hay ítems disponibles.